Škôlkár poznáva. : Rozvíjanie poznania podľa "Programu výchovy a vzdelávania detí v materských školách". /

Uložené v:
Podrobná bibliografia
Hlavný autor: Nováková, Mária (Author)
Médium: Kniha
Jazyk:Slovak
Vydané: Košice : Nomi s.r.o. Košice, 2003
Vydanie:1. vyd.
Témy:
ISBN: 8088958539 (brož.)
Fyzický popis: 32 s.
Tagy: Pridať tag
Žiadne tagy, Buďte prvý kto otaguje tento záznam!

MARC

LEADER 00000nam a2200000 a 4500
001 000089618
003 SVKK
005 20031125000000.0
008 030903s2003 xo e sloo
020 |a 8088958539 (brož.) 
040 |a SVKKK  |b slo  |c SVKKK  |e AACR2 
041 0 |a slo 
044 |a xo  |c SK 
080 |a 372.3(076)  |2 1997 
080 |a 372.48(076)  |2 1997 
100 1 |a Nováková, Mária  |4 aut 
245 1 0 |a Škôlkár poznáva. :  |b Rozvíjanie poznania podľa "Programu výchovy a vzdelávania detí v materských školách". /  |c Mária Nováková 
250 |a 1. vyd. 
260 |a Košice :  |b Nomi s.r.o. Košice,  |c 2003 
300 |a 32 s. 
653 0 |a výchova predškolská  |2 SVKKKPH 
653 0 |a prvouka  |2 SVKKKPH 
653 0 |a zošity pracovné  |2 SVKKKPH 
655 7 |a pracovné zošity  |2 SVKKKPH 
910 |a svkkk 
919 |a 80-88958-53-9 
974 |a UH  |d 20031007 
974 |a KL  |d 20031007 
974 |a TI  |d 20031125 
998 |a BK 
090 |g SCKHL  |k Sklad Hlavná 10 prízemie  |a V.210078  |j 955328  |i 2720017887  |s Absenčne